000 00686nam a2200241Ia 4500
005 20260121113014.0
008 10538 260114s9999 xx 000 0 eng d
020 _a9789812797292
037 _aEBOOK
040 _aCRL
_beng
_cCRL
041 _aeng
_2eng
084 _qCRL
100 _aLevich A P
_9966698
245 0 _aOn the Way to Understanding the Time Phenomenon: the Constructions of Time in Natural Science, Part 2
260 _bWorld Scientific
260 _bWSPC
260 _c1996
650 _aPhysics
_9966699
856 _uhttps://www.worldscientific.com/worldscibooks/10.1142/2219#t=toc
942 _cEBOOK
999 _c1547838
_d1547838